| 000 | 00499cam a2200193 4500 | ||
|---|---|---|---|
| 001 | D4562 | ||
| 008 | 090401t1983 xxu||||| |||| 00| 0 eng d | ||
| 035 | _a(Sirsi) u6311 | ||
| 041 | _aeng | ||
| 050 | _a690.029 | ||
| 110 |
_aUnited Kingdom _bProperty Services Agency _91138 |
||
| 245 | _aSelling building products for PSA work. | ||
| 260 |
_aCroydon _bProperty Services Agency _c1983 |
||
| 300 | _a24p. 21cm x 10cm | ||
| 350 | _a0 | ||
| 520 | _aCover title | ||
| 942 | _n0 | ||
| 948 | _c04/03/1997 | ||
| 999 |
_c86274 _d86274 |
||